Hydroponics

This book introduction why hydroponics/soil-less culture?, hydroponics/soil-less culture-what is it?, history of hydroponics, basic requirement hydroponics...

সংরক্ষণ করুন:
গ্রন্থ-পঞ্জীর বিবরন
বিন্যাস: গ্রন্থ
ভাষা:Undetermined
বিষয়গুলি:
ট্যাগগুলো: ট্যাগ যুক্ত করুন
কোনো ট্যাগ নেই, প্রথমজন হিসাবে ট্যাগ করুন!
Thư viện lưu trữ: Trung tâm Học liệu Trường Đại học Cần Thơ
LEADER 00561nam a2200145Ia 4500
001 CTU_156465
008 210402s9999 xx 000 0 und d
082 |a 631.58 
082 |b D424 
245 0 |a Hydroponics 
245 0 |c Department of agriculture ministry of agriculture 
520 |a This book introduction why hydroponics/soil-less culture?, hydroponics/soil-less culture-what is it?, history of hydroponics, basic requirement hydroponics... 
650 |a Hydroponics,Thủy canh 
904 |i QHieu 
980 |a Trung tâm Học liệu Trường Đại học Cần Thơ